000 01964nam a2200385 a 4500
001 ebr10411775
003 CaPaEBR
006 m u
007 cr cn|||||||||
008 091201s2010 txu sb 001 0 eng c
010 _z 2009050623
020 _z9781603441674 (cloth : alk. paper)
020 _z1603441670 (cloth : alk. paper)
040 _aCaPaEBR
_cCaPaEBR
035 _a(OCoLC)680622497
043 _an-us---
_aa-kr---
050 1 4 _aDS919
_b.H364 2010eb
082 0 4 _a951.904/242
_222
100 1 _aHanson, Thomas E.,
_d1965-
245 1 0 _aCombat ready?
_h[electronic resource] :
_bthe Eighth U.S. Army on the eve of the Korean War /
_cThomas E. Hanson.
250 _a1st ed.
260 _aCollege Station :
_bTexas A&M University Press,
_cc2010.
300 _axviii, 151 p.
490 1 _aWilliams-Ford Texas A&M University military history series ;
_vno. 129
504 _aIncludes bibliographical references (p. 141-151) and index.
505 0 _aIntroduction -- Postwar or prewar Army? -- The bumpy road from rhetoric to readiness -- The 27th Infantry Regiment, 25th Infantry Division -- The 31st Infantry Regiment, 7th Infantry Division -- The 19th Infantry Regiment, 24th Infantry Division -- The 8th Cavalry Regiment (Infantry), 1st Cavalry Division (Infantry) -- Conclusions.
533 _aElectronic reproduction.
_bPalo Alto, Calif. :
_cebrary,
_d2013.
_nAvailable via World Wide Web.
_nAccess may be limited to ebrary affiliated libraries.
610 1 0 _aUnited States.
_bArmy.
_bArmy, 8th
_xHistory.
650 0 _aKorean War, 1950-1953
_xRegimental histories
_zUnited States.
650 0 _aOperational readiness (Military science)
655 7 _aElectronic books.
_2local
710 2 _aebrary, Inc.
830 0 _aWilliams-Ford Texas A&M University military history series ;
_vno. 129.
856 4 0 _uhttp://site.ebrary.com/lib/rucke/Doc?id=10411775
_zAn electronic book accessible through the World Wide Web; click to view
999 _c182708
_d182708